Sixteenth annual report from 1 Jan.1982to 31 March 1983 (Record no. 616324)

MARC details
000 -LEADER
fixed length control field 00662nam a2200229Ia 4500
003 - CONTROL NUMBER IDENTIFIER
control field OSt
005 - DATE AND TIME OF LATEST TRANSACTION
control field 20220926010049.0
008 - FIXED-LENGTH DATA ELEMENTS--GENERAL INFORMATION
fixed length control field 220923b |||||||| |||| 00| 0 eng d
037 ## - SOURCE OF ACQUISITION
Terms of availability General Book
040 ## - CATALOGING SOURCE
Original cataloging agency RTL
Transcribing agency RTL
Language of cataloging eng
041 ## - LANGUAGE CODE
Source of code eng
Language code of text/sound track or separate title eng
110 ## - MAIN ENTRY--CORPORATE NAME
Corporate name or jurisdiction name as entry element UNIVERSITY OF DELHI
245 #0 - TITLE STATEMENT
Title Sixteenth annual report from 1 Jan.1982to 31 March 1983
260 ## - PUBLICATION, DISTRIBUTION, ETC.
Place of publication, distribution, etc. New Delhi
Name of publisher, distributor, etc. University of
Date of publication, distribution, etc. 1984
300 ## - PHYSICAL DESCRIPTION
Extent xxxii, various page
Dimensions cm.
700 ## - ADDED ENTRY--PERSONAL NAME
Personal name UNIVERSITY OF DELHI
942 ## - ADDED ENTRY ELEMENTS (KOHA)
Classification part T4.281.N83-N82r, M4
Koha item type General Books
Source of classification or shelving scheme Colon Classification (CC)
Holdings
Withdrawn status Lost status Damaged status Not for loan Home library Current library Date acquired Total Checkouts Full call number Barcode Date last seen Price effective from Koha item type
        Ratan Tata Library Ratan Tata Library 2022-09-26   T4.281.N83-N82r M4 RT1409802 2022-09-26 2022-09-26 General Books
Copyright @ Delhi University Library System